Chasydzi w Częstochowie

Titel: Chasydzi w Częstochowie : Źródła do dziejów chasydyzmu w centralnej Polsce / [Wyd.] Marcin Wodziński
In: Studia judaica, Band 8, Heft 1/2 (2005), Seite 279-301
alle Artikel anzeigen
Veröffentlicht: 2005
Format: Aufsatz
Sprache: Polnisch
Kein Bild verfügbar
X
alg: 39420849
001A    $01999:12-11-16 
001B    $01999:29-05-21 $t17:46:46.000 
001D    $01999:12-11-16 
001U    $0utf8 
001X    $00 
002@    $0Aox 
003@    $0394208498 
007A    $0394208498 $aHEB 
007T    $0Herdk90965 
010@    $apol 
011@    $a2005 
021A    $aChasydzi w Częstochowie $dŹródła do dziejów chasydyzmu w centralnej Polsce $h[Wyd.] Marcin Wodziński 
031A    $d8 $e1/2 $h279-301 $j2005 
037A    $aLata 1820-1821  
039B    $aIn $8--Abvc--. Studia judaica. - Kraków : Wydawnictwo Uniwersytetu Jagiellońskiego, 1998-. - ISSN 1506-9729 $x200500000080001721 $9084007087 
045F    $a307.09438 $eDDC23BSB 
045F/01 $a307.09 
045F/03 $g438 
045T    $aJUDAICA $qDE-30 $2FID 
045T    $a7,7 

lok: 39420849 78

exp: 39420849 78 1 #EPN
201B/01 $029-05-18 $t22:55:37.000 
201U/01 $0utf8 
203@/01 $0790319004 
208@/01 $a12-11-16 $be 
209A/01 $a/ $f000 $x00 
220C/01 $aTitelaufnehmer: pbb 
220C/01 $aHerkunft: PBB/IH PAN 
244Z/01 $2Trx $#Poola $#Lenkija $#Polija $#Polen Land $#Poland $#Lengyelország $#Poľsko $#Polsko $8--Trx--Polska$gkraj $x01 $9391345966 
244Z/01 $#Tschenstochau $#Tschensztochow $#Tschenßtochow $#Czenstochau $#Čenstochova $74061097-4 $8--Tg1--Częstochowa $x02 $9085169668 
244Z/01 $2Trx $8--Trx--Zeitschriftenaufsatz $x03 $9391384341 
245Z/01 $a13.03 $x01 
245Z/01 $a10.03.01 $x02 
247C/01 $82080>Marburg/Lahn, Herder-Institut, Forschungsbibliothek, Bibliographieportal $9336309341
LEADER 00000caa a22000002c 4500
001 394208498
003 DE-603
005 20210529174646.0
007 tu
008 161112s2005 xx |||| | u00||u|pol c
035 |a (DE-599)HEB394208498 
040 |a DE-603  |b ger  |c DE-603  |d DE-603 
041 |a pol 
082 0 4 |8 1\u  |a 307.09438  |q DE-101  |2 23/BSB 
084 |a JUDAICA  |q DE-30  |2 fid 
084 |a 7,7  |2 ssgn 
085 |8 1\u  |b 307.09 
085 |8 1\u  |z 2  |s 438 
245 0 0 |a Chasydzi w Częstochowie  |b Źródła do dziejów chasydyzmu w centralnej Polsce  |c [Wyd.] Marcin Wodziński 
264 0 |c 2005 
500 |a Lata 1820-1821 <pol> 
773 0 8 |i In  |t Studia judaica  |d Kraków : Wydawnictwo Uniwersytetu Jagiellońskiego, 1998-  |x 1506-9729  |g Band 8, Heft 1/2 (2005), Seite 279-301  |w (DE-603)084007087  |w (DE-600)1496838-1 
924 0 |9 2080  |a (DE-603)790319004  |b DE-2080  |c HES  |d d  |g /